| 000 | 00384 a2200121 4500 | ||
|---|---|---|---|
| 001 | 147145 | ||
| 040 | _cEscola São Tomás de Aquino | ||
| 100 | _aLIMA, João Ferreira de | ||
| 240 | 1 | 0 |
_aAs proezas de João Grilo _lpor |
| 245 | 1 | 0 | _aAs proezas de João Grilo |
| 697 | _aLiteratura de cordel Livros de bolso ou folhetos com histórias e músicas populares | ||
| 942 | _cBK | ||
| 999 |
_c147145 _d147145 |
||